| 000 | 00680nam a2200217 i 4500 | ||
|---|---|---|---|
| 001 | 105540 | ||
| 003 | ES-MaACL | ||
| 007 | t| | ||
| 008 | 060724s1956 ag ||||1| spa d | ||
| 080 | _a821.131.1-31"19" | ||
| 100 | 1 |
_aPratolini, Vasco. _993688 |
|
| 245 | 1 | 3 |
_aEl barrio / _cVasco Pratolini ; traducido por Attilio Dabini. |
| 260 |
_aBuenos Aires : _bLosada, _c[1956] |
||
| 300 |
_a179 p. ; _c21 cm. |
||
| 490 | 1 | _aLos grandes novelistas de nuestra época | |
| 500 | _aBiblioteca Juan Andrade. | ||
| 700 | 1 |
_aDabini, Attilio. _942400 |
|
| 830 | 0 |
_aLos grandes novelistas de nuestra época _9184584 |
|
| 852 |
_aES-MaACL _jAND-344 _bR.109649 |
||
| 999 |
_c105540 _d105540 |
||